000
00198 a2200097 4500
001
3312
100
_a
Selincourt, A.D
245
_a
Six great poets
260
_a
_b
Hamilton
_c
090
_c
2591
_d
2591
942
_a
NUST-CAE
_c
M
_c
17680
999
_c
238385
_d
238385